书目信息 |
| 题名: |
现代有机反应
|
|
| 作者: | 胡跃飞 , 林国强 主编 | |
| 分册: | 第九卷 碳-氮键的生成反应 | |
| 出版信息: | 北京 化学工业出版社 2013.01 |
|
| 页数: | 392页 | |
| 开本: | 25cm | |
| 丛书名: | ||
| 单 册: | ||
| 中图分类: | O621.25 , O621.3 | |
| 科图分类: | ||
| 主题词: | 有机化学--化学反应 , 碳化合物--氮化合物--化学反应 , 有机化学 , 化学反应 , 碳化合物 , 氮化合物 | |
| 电子资源: | ||
| ISBN: | 978-7-122-15416-3 | |
| 000 | 01139nam0 2200313 450 | |
| 001 | 010010107374 | |
| 005 | 20130627093103.53 | |
| 010 | @a978-7-122-15416-3@b精装@dCNY80.00 | |
| 100 | @a20121129d2013 em y0chiy50 ea | |
| 101 | 0 | @achi |
| 102 | @aCN@b110000 | |
| 105 | @ay z 001yy | |
| 106 | @ar | |
| 200 | 1 | @a现代有机反应@9xian dai you ji fan ying@h第九卷@i碳-氮键的生成反应@hⅡ@f胡跃飞,林国强主编 |
| 210 | @a北京@c化学工业出版社@d2013.01 | |
| 215 | @a392页@d25cm | |
| 330 | @a本书是《现代有机反应》第二卷《碳-氮键的生成反应》的补充与延伸,书中精选了第二卷之外的一些重要的碳-氮键的生成反应。对每一种反应都详细介绍了其历史背景、反应机理、应用范围和限制,着重引入了近年的研究新进展,并精选了在天然产物全合成中的应用以及5个左右代表性反应实例。 | |
| 606 | 0 | @a有机化学@x化学反应 |
| 606 | 0 | @a碳化合物@x氮化合物@x化学反应 |
| 606 | 0 | @a有机化学 |
| 606 | 0 | @a化学反应 |
| 606 | 0 | @a碳化合物 |
| 606 | 0 | @a氮化合物 |
| 690 | @aO621.25@v5 | |
| 690 | @aO621.3@v5 | |
| 701 | 0 | @a胡跃飞@9hu yue fei@4主编 |
| 701 | 0 | @a林国强@9lin guo qiang@4主编 |
| 801 | 0 | @aCN@bRENTIAN@c20121129 |
| 905 | @b546235-38@dO621.25@e86:9@f4 | |
| 现代有机反应.第九卷.碳-氮键的生成反应.Ⅱ/胡跃飞,林国强主编.-北京:化学工业出版社,2013.01 |
| 392页;25cm |
| ISBN 978-7-122-15416-3(精装):CNY80.00 |
| 本书是《现代有机反应》第二卷《碳-氮键的生成反应》的补充与延伸,书中精选了第二卷之外的一些重要的碳-氮键的生成反应。对每一种反应都详细介绍了其历史背景、反应机理、应用范围和限制,着重引入了近年的研究新进展,并精选了在天然产物全合成中的应用以及5个左右代表性反应实例。 |
| ● |
| 相关链接 |
|
|
|
|
正题名:现代有机反应
索取号:O621.25/86:9
 
预约/预借
| 序号 | 登录号 | 条形码 | 馆藏地/架位号 | 状态 | 备注 |
| 1 | 546235 | 205462355 | 第二样本阅览室/ [索取号:O621.25/86:9] | 在馆 | |
| 2 | 546236 | 205462364 | 密集书库-化学系/ [索取号:O621.25/86:9] | 在馆 | |
| 3 | 546237 | 205462373 | 第三借阅区/ [索取号:O621.25/86:9] | 在馆 | |
| 4 | 546238 | 205462382 | 第三借阅区/ [索取号:O621.25/86:9] | 在馆 |